Johnny's General Knowledge Quiz #1 - Statistics

General Stats
  • This quiz has been taken 35,214 times
    24,650 since last reset
  • The average score is 11 of 20
Answer Stats
Question Answer % Correct
What dictator was declared Time's Man of the Year in 1938? Adolf Hitler
88%
In which country would you find the islands of Ibiza, Mallorca, and Menorca? Spain
83%
In what city would you find the Parthenon? Athens
76%
What sauce is sushi usually dipped in? Soy Sauce
72%
How do you spell the Governator's last name? Arnold _____________ Schwarzenegger
69%
What is 4 cubed? 64
67%
What is the Spanish word for devil? Diablo
64%
What is the currency of Russia? Ruble
64%
In which country is Tripoli located? Libya
59%
What word means graduate of a school or university? Alumnus
55%
What cocktail is made with mint, sugar, soda water, lime juice, and rum? Mojito
54%
What boy band sang MMMBop? Hanson
52%
A person from Paris is called a Parisian. What's a person from Moscow called? Muscovite
49%
What region is located at the south of South America and shared by Argentina and Chile? Patagonia
43%
What is the moniker of the Seinfeld character who said "No soup for you"? Soup Nazi
42%
What company is the largest aircraft maker in Europe? Airbus
41%
What is the name for a bit of facial hair grown just below the lower lip? Soul patch
34%
Fill in the blank: Bump, Set, _____ Spike
29%
What architectural style is Miami's South Beach famous for? Art Deco
25%
What city hosted the 2006 Winter Olympics? Turin
22%
No matching quizzes found
Score Distribution
Percent of People with Each Score
Percentile by Number Answered
Your Score History
You have not taken this quiz since the last reset